Piłkarska kariera Fernando Torresa. - Statystyki

Ogólne statystyki
  • Ten quiz został rozwiązany 255 razy
  • Średni wynik to 6 z 8
Statystyki odpowiedzi
Lata Drużyna % Poprawnych
2001-2007 Atletico Madryt
97%
2015-2015 Atletico Madryt
97%
2016-2018 Atletico Madryt
97%
2011-2014 Chelsea
95%
2007-2011 Liverpool
89%
2014-2014 Milan
58%
2015-2016 Milan
58%
2018-2019 Sagan Tosu
24%
Nie znaleziono quizów pasujących do podanych kryteriów
Rozkład punktacji
Procent ludzi z każdym wynikiem
Percentyl według liczby udzielonych odpowiedzi
Twoja historia wyników
Nie rozwiązałeś tego quizu